| 000 | 01022nam a22002657a 4500 | ||
|---|---|---|---|
| 005 | 20240530110352.0 | ||
| 008 | 141228s2009 ua d g b 000 0 ara d | ||
| 020 | _a978977427527 | ||
| 040 | _aEG-CaGPL | ||
| 041 | 0 | _aara | |
| 082 | 0 | 4 |
_221 _a025.52\ _bف خ |
| 100 | 0 | _aفاتن سعيد بامفلح | |
| 245 | 1 | 0 |
_aخدمات المعلومات فى ظل البيئة الالكترونية / _cفاتن سعيد بامفلح |
| 250 | _aط1 | ||
| 260 |
_aالقاهرة : _bالدار المصرية اللبنانية ، _c2009 |
||
| 300 |
_a304 ص : _bايض ؛ _c24 سم |
||
| 490 | 0 | _aاساسيات المكتبات والمعلومات | |
| 504 | _aيشتمل على ارجاعات ببليوجرافية | ||
| 650 | 0 | 4 | _aخدمات المعلومات |
| 650 | 0 | 4 | _aالخدمة المرجعية الالكترونية |
| 650 | 0 | 4 | _aخدمات المعلومات عبر الانترنت |
| 650 | 0 | 4 | _aالخدمة المكتبية |
| 942 |
_2ddc _cBK |
||
| 999 |
_c60099 _d60099 |
||